000 01954nam a2200529 i 4500
001 30677
003 KOSZ 005
005 20220323113534.0
008 970510s1995 pl a f |000 0 pol
015 _aUWD 1995/10498
020 _a8386363584
035 _a991000181449705066
035 _a(PL-WaBN)b10093035-48omnis_nlop
035 _ab10093035
035 _a(OCoLC)749602626
035 _a(PL)b0000001009303
035 _a(EXLNZ-48OMNIS_NETWORK)9910260076205606
040 _aWA N
_cWA N
_dKOSZ 005/EG
041 0 _apol
_beng
_hger
080 _a502.6
080 _a914.38A/Z
080 _a(438)
080 _a(075.8)
100 1 _aBereszyński, Andrzej
_eAutor
245 1 0 _aRezerwat im[ienia] Bolesława Papiego na Jeziorze Zgierzynieckim :
_bgmina Lwówek, woj. poznańskie : studium florystyczno-faunistyczne /
_cAndrzej Bereszyński, Tomasz Ogrodowczyk.
260 _aPoznań :
_bWydaw. Akademii Rolniczej,
_c1995.
300 _a103, [1] s., [8] s. tabl. kolor. :
_bfot., mapy, 2 wykr. ;
_c21 cm.
336 _aTekst
_btxt
_2rdacontent
337 _aBez urządzenia pośredniczącego
_bn
_2rdamedia
338 _aWolumin
_bnc
_2rdacarrier
380 _aKsiążki
380 _aPublikacje dydaktyczne
385 _mPoziom nauczania
_aSzkoły wyższe
388 _a1901-2000
388 _a1989-2000
504 _aBibliogr. s. 79-84. - Summ., Zsfassung.
521 _aKsiążka pomocnicza dla studiów przyrodniczych gł. kierunku Ochrona Środowiska.
650 7 _aRezerwaty przyrody
651 7 _aZgierzynieckie, Jezioro
_2DBN
655 7 _aPodręczniki akademickie
_2DBN
658 _aOchrona środowiska
700 1 _aOgrodowczyk, Tomasz
_eAutor
710 2 _aWydawnictwo Akademii Rolniczej (Poznań)
_4pbl
856 _uhttp://koha.tu.koszalin.pl/cgi-bin/koha/opac-detail.pl?biblionumber=30677
_yKatalog online BPK
942 _2UKD
_cKS
999 _c30677
_d30677